000 00847nam a2200265Ia 4500
001 dia_4052
003 CHAP
005 20230111183648.0
007 ta
008 220601s9999 mx 000 0 spa d
040 _amxchpua
_cCHAP
090 _aFOLLETO 2376
100 1 _aEsqueda Esquivel, Valentin A.
_9175710
245 1 3 _aDaños y control de malas hierbas en el cultivo de arroz de temporal en el centro del estado de Veracruz y norte de Oaxaca /
_cValentin A. Esqueda Esquivel
260 _aMéxico :
_bINIA,
300 _a60 páginas
500 _aS/c (Folleto de investigación, 65)
650 1 7 _aArroz
_97554
_xCultivo
650 1 7 _aArroz
_97554
_zVeracruz
700 _aINIAÌ
_9175712
901 _aFOLLETO 2376
902 _aM
905 _a0000001985 mx 0000000000spa00
942 _cFOLL
_2local
999 _c209267
_d209267